| 000 | 00814nam a2200229 i 4500 | ||
|---|---|---|---|
| 003 | IT-RoINE | ||
| 005 | 20190612061716.0 | ||
| 008 | 800102s1965 gw r 001 | ger d | ||
| 040 |
_aDLC _cIObT IT-RoINE _dDLC _dIT-RoINE |
||
| 100 | 1 |
_aHeimbucher, Max, _d1859-1946 _951644 |
|
| 245 | 1 | 4 |
_aDie Orden und Kongregationen der katholischen Kirche / _cMax Heimbucher. |
| 250 | _a3., grossenteils neubearb. Aufl. Neudruck der 1. Ausg. Paderborn 1933. | ||
| 260 |
_aMünchen : _aPaderborn; _aWien : _bF. Schöninghe; _aAalen : _bScientia Verlag, _c1965. |
||
| 300 |
_a2 v. ; _c23 cm. |
||
| 336 |
_2rdacontent _atext |
||
| 337 |
_2rdamedia _aunmediated |
||
| 338 |
_2rdacarrier _avolume |
||
| 500 | _aIncluye índices. | ||
| 504 | _aIncluye bibliografía. | ||
| 650 | 4 |
_98735 _aMonacato y órdenes religiosas |
|
| 942 | _cMTS | ||
| 999 |
_c26073 _d26073 |
||